000 00548cam a2200229ua 4500
001 7554
005 20260515114229.0
008 141212n ii |||gr||||Z||||||eng
020 _a9788131104408
040 _cMAIN
041 _aeng
082 _a200
100 _aNulkar, V. Kr.,
_eAuthor.
245 1 _aTribal religion
_cBy Vinay Kumar Nulkar
250 _a1st.
260 _aNew Delhi:
_bCommonwealth,
_c2014.
300 _a314p.
653 _aReligion
653 _aTribal religions
700 _aMuthumani, M.K.,
_eAuthor.
942 _cBK
999 _c6672
_d6672